00589nam a2200205Ia 450000500170000000800410001702000210005804000190007904100120009808200150011010000190012524500880014426000540023230000140028644000170030050400190031765000160033670000210035285000100037320240322093247.0131103s9999 xx 000 0 und d a9.79E+12cRs 350 aLoreto College aEnglish a005.3bLAM aLambert, Steve aMicrosoft Office Access 2007cSteve Lambert, M. Dow Lambert III, and Joan Peppernau aNew DelhibPrentice-Hall of India Pvt. Ltd.c2007 alxv,313p  aStep by Step aIncludes index aAccess 2007 aLambert, M. Dow  aLCLIB